Europe in search of political order, by J. Olsen : book review /

সংরক্ষণ করুন:
গ্রন্থ-পঞ্জীর বিবরন
প্রধান লেখক: Aspinwall, Mark.
বিন্যাস: প্রবন্ধ
ভাষা:English
বিষয়গুলি:
ট্যাগগুলো: ট্যাগ যুক্ত করুন
কোনো ট্যাগ নেই, প্রথমজন হিসাবে ট্যাগ করুন!
Thư viện lưu trữ: Thư viện Trường Đại học Đà Lạt
LEADER 00758nam a2200253 4500
001 DLU090070192
005 ##20090526
040 # # |a DLU  |b eng 
041 # # |a eng 
044 # # |a UK 
100 # # |a Aspinwall, Mark.  
245 # # |a Europe in search of political order, by J. Olsen :  |b book review /  |c Mark Aspinwall. 
653 # # |a European integration 
653 # # |a Institutional dynamics 
773 # # |t Journal of Common Market Studies  |g Vol. 46, no. 3 (June 2008), p. 721-722 
920 # # |a Phòng Tạp chí -- Trung tâm Thông tin - Thư viện Trường Đại học Đà Lạt 
994 # # |a DLU 
900 # # |a True 
911 # # |a Trương Bảo Trâm Anh 
925 # # |a G 
926 # # |a A 
927 # # |a BB 
980 # # |a Thư viện Trường Đại học Đà Lạt